00792nam a2200157Ia 4500008004100000082001900041100003000060245015300090260002400243300001100267500007100278502007700349650009800426952009300524999001700617120622s9999 xx 000 0 und d aT 346.07 B734r aBorja Tovar, Miguel Angel aReforma y adición a la ley sobre el contrato de seguro para incluir un capítulo especial sobre el seguro de crétido / Miguel Angel Borja Tovar aMéxico : El autor a238 h. aDonación de la Biblioteca personal del Mto. Javier Campos Ycardo aTesis (Doctor en Derecho) -- Universidad Nacional Autónoma de México a1. CREDITO DE EXPORTACION - SEGUROS. 2. SEGURO COMERCIAL - DERECHO. 3. SEGUROS - HISTORIA.Ì 00104070a01b01d2007-01-25l0oT 346.07 B734Rp01 010567r2012-06-24w2012-06-24yLB c60096d60096